Understanding the nanotechnology revolution / (Record no. 19427)
[ view plain ]
| 000 -LEADER | |
|---|---|
| fixed length control field | 02896cam a2200577Ka 4500 |
| 001 - CONTROL NUMBER | |
| control field | ocn793104252 |
| 003 - CONTROL NUMBER IDENTIFIER | |
| control field | OCoLC |
| 005 - DATE AND TIME OF LATEST TRANSACTION | |
| control field | 20230823095527.0 |
| 006 - FIXED-LENGTH DATA ELEMENTS--ADDITIONAL MATERIAL CHARACTERISTICS--GENERAL INFORMATION | |
| fixed length control field | m o d |
| 007 - PHYSICAL DESCRIPTION FIXED FIELD--GENERAL INFORMATION | |
| fixed length control field | cr cn||||||||| |
| 008 - FIXED-LENGTH DATA ELEMENTS--GENERAL INFORMATION | |
| fixed length control field | 120504s2012 gw ob 001 0 eng d |
| 040 ## - CATALOGING SOURCE | |
| Original cataloging agency | DG1 |
| Language of cataloging | eng |
| Description conventions | pn |
| Transcribing agency | DG1 |
| Modifying agency | CDX |
| -- | OCLCO |
| -- | E7B |
| -- | YDXCP |
| -- | DEBSZ |
| -- | COO |
| -- | ITD |
| -- | OCLCQ |
| -- | OCLCA |
| -- | UMR |
| -- | K6U |
| -- | OCLCF |
| -- | OCLCQ |
| 019 ## - | |
| -- | 794620347 |
| -- | 832652050 |
| 020 ## - INTERNATIONAL STANDARD BOOK NUMBER | |
| ISBN | 9783527664863 |
| Qualifying information | (electronic bk.) |
| 020 ## - INTERNATIONAL STANDARD BOOK NUMBER | |
| ISBN | 3527664866 |
| Qualifying information | (electronic bk.) |
| 020 ## - INTERNATIONAL STANDARD BOOK NUMBER | |
| ISBN | 9783527411092 |
| Qualifying information | (Paper) |
| 020 ## - INTERNATIONAL STANDARD BOOK NUMBER | |
| ISBN | 3527411097 |
| Qualifying information | (Paper) |
| 020 ## - INTERNATIONAL STANDARD BOOK NUMBER | |
| ISBN | 9783527664894 |
| 020 ## - INTERNATIONAL STANDARD BOOK NUMBER | |
| ISBN | 3527664890 |
| 020 ## - INTERNATIONAL STANDARD BOOK NUMBER | |
| ISBN | 9781280663178 |
| Qualifying information | (MyiLibrary) |
| 020 ## - INTERNATIONAL STANDARD BOOK NUMBER | |
| ISBN | 1280663170 |
| Qualifying information | (MyiLibrary) |
| 024 8# - OTHER STANDARD IDENTIFIER | |
| Standard number or code | 9786613640109 |
| 029 1# - (OCLC) | |
| OCLC library identifier | AU@ |
| System control number | 000049484941 |
| 029 1# - (OCLC) | |
| OCLC library identifier | DEBSZ |
| System control number | 372709990 |
| 029 1# - (OCLC) | |
| OCLC library identifier | NZ1 |
| System control number | 15916243 |
| 035 ## - SYSTEM CONTROL NUMBER | |
| System control number | (OCoLC)793104252 |
| Canceled/invalid control number | (OCoLC)794620347 |
| -- | (OCoLC)832652050 |
| 037 ## - SOURCE OF ACQUISITION | |
| Stock number | 10.1002/9783527664863 |
| Source of stock number/acquisition | Wiley InterScience |
| Note | http://www3.interscience.wiley.com |
| 050 #4 - LIBRARY OF CONGRESS CALL NUMBER | |
| Classification number | T174.7 |
| Item number | .W65 2012 |
| 060 #4 - NATIONAL LIBRARY OF MEDICINE CALL NUMBER | |
| Classification number | QT36.5 |
| 072 #7 - SUBJECT CATEGORY CODE | |
| Subject category code | TEC |
| Source | eflch |
| 082 04 - DEWEY DECIMAL CLASSIFICATION NUMBER | |
| Classification number | 620.5 |
| Edition number | 23 |
| 049 ## - LOCAL HOLDINGS (OCLC) | |
| Holding library | MAIN |
| 100 1# - MAIN ENTRY--PERSONAL NAME | |
| Personal name | Wolf, E. L. |
| 245 10 - TITLE STATEMENT | |
| Title | Understanding the nanotechnology revolution / |
| Statement of responsibility, etc | by Edward L. Wolf, Manasa Medikonda. |
| 260 ## - PUBLICATION, DISTRIBUTION, ETC. (IMPRINT) | |
| Place of publication, distribution, etc | Weinheim : |
| Name of publisher, distributor, etc | Wiley-VCH ; |
| Place of publication, distribution, etc | Chichester : |
| Name of publisher, distributor, etc | John Wiley [distributor], |
| Date of publication, distribution, etc | 2012. |
| 300 ## - PHYSICAL DESCRIPTION | |
| Extent | 1 online resource |
| 336 ## - | |
| -- | text |
| -- | txt |
| -- | rdacontent |
| 337 ## - | |
| -- | computer |
| -- | c |
| -- | rdamedia |
| 338 ## - | |
| -- | online resource |
| -- | cr |
| -- | rdacarrier |
| 505 0# - FORMATTED CONTENTS NOTE | |
| Formatted contents note | Front Matter -- Discovery, Invention, and Science in Human Progress -- Smaller Is More, Usually Better, and Sometimes Entirely New! -- Systematics of Scaling Things Down: = 1 m? 1 nm -- Biology as Successful Nanotechnology -- The End of Scaling: The Lumpiness of All Matter in the Universe -- Quantum Consequences for the Macroworld -- Some Natural and Industrial Self-Assembled Nanostructures -- Injection Lasers and Billion-Transistor Chips -- The Scanning Tunneling Microscope and Scanning Tunneling Microscope Revolution -- Magnetic Resonance Imaging (MRI): Nanophysics of Spin ư -- Nanophysics and Nanotechnology of High-Density Data Storage -- Single-Electron Transistors and Molecular Electronics -- Quantum Computers and Superconducting Computers -- Looking into the Future -- Notes -- Index. |
| 504 ## - BIBLIOGRAPHY, ETC. NOTE | |
| Bibliography, etc | Includes bibliographical references and index. |
| 526 ## - STUDY PROGRAM INFORMATION NOTE | |
| Department | Life Sciences |
| 650 #0 - SUBJECT ADDED ENTRY--TOPICAL TERM | |
| Topical term or geographic name as entry element | Nanotechnology. |
| 650 #7 - SUBJECT ADDED ENTRY--TOPICAL TERM | |
| Topical term or geographic name as entry element | Nanotechnology. |
| Source of heading or term | fast |
| -- | (OCoLC)fst01032639 |
| 655 #4 - INDEX TERM--GENRE/FORM | |
| Genre/form data or focus term | Electronic books. |
| 700 1# - ADDED ENTRY--PERSONAL NAME | |
| Personal name | Medikonda, Manasa. |
| 710 2# - ADDED ENTRY--CORPORATE NAME | |
| Corporate name or jurisdiction name as entry element | Wiley InterScience (Online service) |
| 776 08 - ADDITIONAL PHYSICAL FORM ENTRY | |
| Display text | Print version: |
| Main entry heading | Wolf, E.L. |
| Title | Understanding the nanotechnology revolution. |
| Place, publisher, and date of publication | Weinheim : Wiley-VCH ; Chichester : John Wiley [distributor], 2012 |
| International Standard Book Number | 9783527411092 |
| Record control number | (OCoLC)775030646 |
| 856 40 - ELECTRONIC LOCATION AND ACCESS | |
| Uniform Resource Identifier | <a href="http://dx.doi.org/10.1002/9783527664863">http://dx.doi.org/10.1002/9783527664863</a> |
| Public note | Wiley Online Library |
| 994 ## - | |
| -- | 92 |
| -- | DG1 |
No items available.